Bapus Letters to Mira 1924-1948 (Record no. 223159)
[ view plain ]
| 000 -LEADER | |
|---|---|
| fixed length control field | 00788nam a22002417a 4500 |
| 005 - DATE AND TIME OF LATEST TRANSACTION | |
| control field | 20220602113432.0 |
| 008 - FIXED-LENGTH DATA ELEMENTS--GENERAL INFORMATION | |
| fixed length control field | 220531b ||||| |||| 00| 0 eng d |
| 040 ## - CATALOGING SOURCE | |
| Transcribing agency | AL |
| 041 ## - LANGUAGE CODE | |
| Language code of text/sound track or separate title | English |
| 082 ## - DEWEY DECIMAL CLASSIFICATION NUMBER | |
| Edition number | 23 |
| Classification number | 954.035 |
| Item number | NAVB |
| 100 ## - MAIN ENTRY--PERSONAL NAME | |
| Personal name | Navajivan Publishing House |
| 100 ## - MAIN ENTRY--PERSONAL NAME | |
| 9 (RLIN) | 40069 |
| 245 ## - TITLE STATEMENT | |
| Title | Bapus Letters to Mira 1924-1948 |
| 260 ## - PUBLICATION, DISTRIBUTION, ETC. | |
| Place of publication, distribution, etc. | Ahmedabad |
| Name of publisher, distributor, etc. | Navajivan Publishing House |
| Date of publication, distribution, etc. | 1959 |
| 300 ## - PHYSICAL DESCRIPTION | |
| Extent | 367 p. |
| Other physical details | PB |
| Dimensions | 18x12.5 cm. |
| 650 ## - SUBJECT ADDED ENTRY--TOPICAL TERM | |
| Topical term or geographic name entry element | Gandhi, Mahatma, 1869-1948--Correspondence. |
| 9 (RLIN) | 39667 |
| 650 ## - SUBJECT ADDED ENTRY--TOPICAL TERM | |
| Topical term or geographic name entry element | Mirabehn, 1892-1982 |
| 9 (RLIN) | 39668 |
| 650 ## - SUBJECT ADDED ENTRY--TOPICAL TERM | |
| Topical term or geographic name entry element | Nationalists--India--Correspondence |
| 9 (RLIN) | 39669 |
| 650 ## - SUBJECT ADDED ENTRY--TOPICAL TERM | |
| Topical term or geographic name entry element | India--Politics and government--1919-1947 |
| 9 (RLIN) | 39670 |
| 650 ## - SUBJECT ADDED ENTRY--TOPICAL TERM | |
| Topical term or geographic name entry element | Mira |
| 9 (RLIN) | 39713 |
| 650 ## - SUBJECT ADDED ENTRY--TOPICAL TERM | |
| Topical term or geographic name entry element | Mahatma Gandhi |
| 9 (RLIN) | 40070 |
| 700 ## - ADDED ENTRY--PERSONAL NAME | |
| Personal name | NAVAJIVAN PUBLISHING HOUSE |
| 9 (RLIN) | 39671 |
| 942 ## - ADDED ENTRY ELEMENTS (KOHA) | |
| Source of classification or shelving scheme | Dewey Decimal Classification |
| Koha item type | George Fernandes Collections |
| Withdrawn status | Lost status | Source of classification or shelving scheme | Damaged status | Not for loan | Collection code | Home library | Current library | Date acquired | Total Checkouts | Full call number | Barcode | Date last seen | Price effective from | Koha item type |
|---|---|---|---|---|---|---|---|---|---|---|---|---|---|---|
| Dewey Decimal Classification | History | St Aloysius Library | St Aloysius Library | 03/24/2013 | 954.035 MIRB | GF03778 | 05/31/2022 | 05/31/2022 | George Fernandes Collections |